000 00433nab a2200145Ia 4500
003 ES-SlBCS
005 20210601125242.0
008 140529s1980 xxu||||| |||| 00| 0 eng d
041 _aeng
100 1 _aSacksteder, William
_9154995
245 0 0 _aTransformations
_c William Sacksteder
650 0 4 _aTransformación
_9155981
773 0 _tPhilosophy and Phenomenological Research
_gvol. 40, 1980, págs. 474-495
_wRev1411
942 _cAR
999 _c527262
_d527262